000 00463nam a2200157Ia 4500
008 210716s1999 xx 000 0 und d
020 _a8120312414
041 _aeng
082 _a005.42 TANA
100 _aTanenbaum, Andrew S; Woodhull, Albert S.
245 _aOperating systems: design and implementation.
_bDesign and implementation.
250 _a2
260 _aNew Delhi
_bPHI Learning Pvt Ltd
_c1999
300 _axvii,939
650 _aOperating Systems
999 _c183433
_d183433